ASOIAF: Top 50 Houses Quiz Stats

Quiz Updated Jun 2, 2016

Challenge
Share
Tweet
Embed
Score 0/50 Timer 10:00
10 Plays Today
Rank House % Correct
2Stark
99.4%
1Lannister
98.7%
8Baratheon
94%
10Targaryen
92.6%
5Tyrell
92.6%
11Tully
90.9%
12Greyjoy
90.1%
21Martell
89.8%
6Bolton
88.4%
4Mormont
85.1%
3Frey
84.6%
7Arryn
83.7%
13Tarly
79.6%
15Karstark
78.8%
28Umber
75.5%
9Clegane
73.6%
25Baelish
69.8%
32Tarth
67.6%
16Manderly
62.3%
31Reed
61.7%
17Selmy
58.7%
50Dayne
57.6%
49Seaworth
56.6%
22Payne
51%
23Royce
49.7%
Rank House % Correct
20Glover
48.4%
18Redwyne
47.7%
30Florent
47.1%
33Thorne
45.5%
36Dondarrion
44.8%
42Trant
42.5%
45Westerling
39.2%
29Mallister
39.1%
14Slynt
38.4%
34Blackwood
37.5%
27Connington
34.9%
35Bracken
34.8%
19Kettleblack
34%
47Poole
33.8%
39Harlaw
33.1%
43Blount
32.6%
40Swann
27.4%
26Merryweather
24.5%
48Rosby
23.5%
24Marsh
22.9%
41Piper
19.9%
44Botley
18.7%
38Smallwood
16.4%
37Plumm
15.8%
46Yarwyck
12.3%

You're not logged in!

Compare scores with friends on all Sporcle quizzes.
Join for Free
OR
Log In

You Might Also Like...

Show Comments

Extras

Top Quizzes Today


Score Distribution

Your Account Isn't Verified!

In order to create a playlist on Sporcle, you need to verify the email address you used during registration. Go to your Sporcle Settings to finish the process.

Report this User

Report this user for behavior that violates our Community Guidelines.

Details: